Sports Quiz

Random Sports or Football Quiz
Score 0/10 Timer 03:00
0 Plays Today
Year Team % Correct
2008Oklahoma
62.9%
2005Texas
42.7%
2007Hawaii
37.1%
2006Hawaii
30.1%
1999Virginia Tech
26.6%
2000Boise State
14%
2003Boise State
14%
2002Boise State
13.3%
2004Louisville
7.7%
2001Brigham Young
4.2%
Remove Ads.
Support Sporcle.
Get the best of Sporcle when you Go Orange. This ad-free experience offers more features, more stats, and more fun while also helping to support Sporcle. Thank you for becoming a member.

You're not logged in!

Compare scores with friends on all Sporcle quizzes.
OR
Log In

Show Comments

Extras

Top Quizzes Today


Score Distribution

Your Account Isn't Verified!

In order to create a playlist on Sporcle, you need to verify the email address you used during registration. Go to your Sporcle Settings to finish the process.

Report this User

Report this user for behavior that violates our Community Guidelines.

Details: